000 00483nam a2200193Ia 4500
008 170203s9999 xx 000 0 und d
050 _aFic
050 _bT374
245 4 _aThe ugly duckling /
300 _a10 unnumbered pages :
300 _bcolor illustrations ;
440 _aThe world of fariy tales.
650 _aBeauty, Personal --
650 _aDucks --
650 _aFairy tales --
650 _xAdaptations.
650 _xFolklore.
650 _xFolklore.
999 _c306519
_d306519